000 01019nam0a22002531 4500
001 rc\4360935
005 20260407144601.0
021 _aRU
_b[62-31149]
035 _a(NLR Aleph) 008535210
090 _a8312776
_c8312776
100 _a20130416d1962 |||y0rusy50 ca
101 0 _arus
102 _aRU
105 _ay z |||||
200 1 _aМатериалы XVI гидрохимического совещания
_e(Тезисы докладов)
_fГос. ком. Совета Министров РСФСР по координации науч.-исслед. работ. Гидрохим. ин-т АН СССР
210 _aНовочеркасск
_cБ. и.
_d1962
215 _a72 с.
_d20
606 _aГидрохимия
_jТезисы докладов
_2psbo
710 1 2 _aГидрохимическое совещание
_d16
_f1962
_eНовочеркасск
_3RU\NLR\AUTH\8810088153
_9677912
801 0 _aRU
_bNLR
_gpsbo
801 1 _aRU
_bELAR
_2rusmarc
852 _aNLR
_j62-4/8017
942 _cBOOK
980 _aNB